000 00831nam a22002175a 4500
005 20100501115513.0
008 090911s2009 ii ab b 100 0 eng d
020 _a9788123756370
_c130.00
037 _bNorth India Publishers & Distributors
040 _aDPL
_bEnglish
100 _aMohan Sundara Rajan
245 _aTelescopes in India /
_cby Mohan Sundara Rajan; illustrated by Ajmal Khan
260 _aNew Delhi :
_bNational Book Trust
_c2009
270 _aNehru Bhawan, 5 Industrial Area, Phase-I, Vasant Kunj
_bNew Delhi
_e110070
300 _axviii, 329p.
_c22cm(pbk)
500 _aIncludes glossary, bibliographical reference and index
520 _aContributed articles.
700 _aAjmal Khan
942 _2ddc
_cEN
_mMOH
999 _c35575
_d35575